000 00763nam a22002177a 4500
001 76177
003 BD-RjUL
005 20211209082814.0
008 191105s2016 bg a|||| |||| 00| 0 ben d
020 _a9847029000120
035 _a(BD-RjUL)76398
040 _aBD-RjUL
_beng
_cBD-RjUL
041 _aeng
082 _223
_a954.9205
_bKHT 2016
100 _aখান, সাহাদত হোসেন
_9234573
245 _a২৬৭ দিনের মুক্তিযুদ্ধ /
_cসাহাদত হোসেন খান
260 _aঢাকা :
_bআফসার ব্রাদার্স,
_c২০১৬
300 _a৬২৩ পৃ. ;
_c২২ সেমি.
651 _aBangladesh
_xHistory
_yRevolution, 1971
_9234572
942 _2ddc
_cBK
999 _c76177
_d76177